Countries by Last Single Letter in 6 Minutes - Statistics

General Stats
  • This quiz has been taken 22 times
  • The average score is 151 of 193
Answer Stats
Picture Answer % Correct
Argentina
100%
Barbados
100%
Spain
100%
Bulgaria
94%
Denmark
94%
India
94%
Iran
94%
Japan
94%
Kazakhstan
94%
Kenya
94%
Lebanon
94%
Liberia
94%
Lithuania
94%
Malaysia
94%
Malta
94%
Nigeria
94%
Russia
94%
Serbia
94%
Slovakia
94%
Sri Lanka
94%
Sweden
94%
Tanzania
94%
Tonga
94%
Uganda
94%
Albania
88%
Algeria
88%
Andorra
88%
Angola
88%
Austria
88%
Bangladesh
88%
Belgium
88%
Brazil
88%
Chile
88%
Croatia
88%
Czech Republic
88%
Egypt
88%
Eritrea
88%
Georgia
88%
Iceland
88%
Ireland
88%
Israel
88%
Jamaica
88%
Latvia
88%
Luxembourg
88%
Micronesia
88%
Monaco
88%
Morocco
88%
North Korea
88%
Norway
88%
Pakistan
88%
Portugal
88%
Qatar
88%
Romania
88%
Saudi Arabia
88%
Seychelles
88%
Singapore
88%
Slovenia
88%
Switzerland
88%
Tunisia
88%
United Kingdom
88%
United States
88%
Uruguay
88%
Afghanistan
82%
Armenia
82%
Azerbaijan
82%
Bolivia
82%
Bosnia and Herzegovina
82%
Cambodia
82%
Cameroon
82%
China
82%
Colombia
82%
Costa Rica
82%
Cuba
82%
Estonia
82%
Finland
82%
France
82%
Ghana
82%
Greece
82%
Guatemala
82%
Guyana
82%
Iraq
82%
Libya
82%
Mauritania
82%
Moldova
82%
Mongolia
82%
Nepal
82%
Netherlands
82%
New Zealand
82%
Nicaragua
82%
Niger
82%
North Macedonia
82%
Panama
82%
Papua New Guinea
82%
San Marino
82%
Somalia
82%
South Africa
82%
South Korea
82%
Trinidad and Tobago
82%
Turkey
82%
Turkmenistan
82%
Uzbekistan
82%
Bahamas
76%
Bahrain
76%
Belarus
76%
Belize
76%
Bhutan
76%
Botswana
76%
Canada
76%
Chad
76%
Comoros
76%
Cyprus
76%
Ecuador
76%
El Salvador
76%
Eswatini
76%
Ethiopia
76%
Fiji
76%
Germany
76%
Guinea
76%
Haiti
76%
Honduras
76%
Indonesia
76%
Italy
76%
Ivory Coast
76%
Kuwait
76%
Kyrgyzstan
76%
Laos
76%
Mexico
76%
Montenegro
76%
Paraguay
76%
Rwanda
76%
Suriname
76%
Thailand
76%
Ukraine
76%
Venezuela
76%
Vietnam
76%
Yemen
76%
Zambia
76%
Zimbabwe
76%
Antigua and Barbuda
71%
Australia
71%
Burundi
71%
Central African Republic
71%
Democratic Republic of the Congo
71%
Dominica
71%
Dominican Republic
71%
Equatorial Guinea
71%
Grenada
71%
Hungary
71%
Kiribati
71%
Lesotho
71%
Liechtenstein
71%
Madagascar
71%
Peru
71%
Philippines
71%
Poland
71%
Saint Lucia
71%
South Sudan
71%
Sudan
71%
Syria
71%
United Arab Emirates
71%
Benin
65%
Cape Verde
65%
Gabon
65%
Gambia
65%
Jordan
65%
Maldives
65%
Marshall Islands
65%
Myanmar
65%
Nauru
65%
Palau
65%
Samoa
65%
São Tomé and Principe
65%
Brunei
59%
Burkina Faso
59%
Mali
59%
Namibia
59%
Oman
59%
Saint Vincent and the Grenadines
59%
Senegal
59%
Sierra Leone
59%
Tajikistan
59%
East Timor
53%
Guinea-Bissau
53%
Mozambique
53%
Solomon Islands
53%
Djibouti
47%
Mauritius
47%
Republic of the Congo
47%
Togo
47%
Tuvalu
47%
Vanuatu
47%
Malawi
41%
Saint Kitts and Nevis
41%
No matching quizzes found
Score Distribution
Percent of People with Each Score
Percentile by Number Answered
Your Score History
You have not taken this quiz